000 01292cam a2200181 4500
001 L129703
008 050512n2005 000 0 eng u
035 _a(Sirsi) u129703
041 _aeng
110 _aAssociation of British Insurers
_93272
245 _aSafe as houses?
_bflood risk and sustainable communities
260 _c2005
520 _aThe Association of British Insurers (ABI) has published its flood manifesto "Safe as houses? flood risk and sustainable communities". Proposes further working with MPs and other elected representatives to reduce the threat from flooding and delivering better flood protection to communities. Describes ABI's agenda for reducing flood risk; its securing of improvements in the areas of investment, planning, risk information and urban drainage; its suggestions for future action to manage risk; and the maintenance of progress in the face of development pressures, climate change and technological changes. Concludes with a long-term commitment by insurers towards flood risk alleviation.
590 _aIKA190505
690 _aENVIRONMENTAL AND LAND CONSULTANCY-WATER RESOURCE MANAGEMENT-FLOODING
856 _uhttps://www.abi.org.uk/Publications/Safe_as_Houses1.aspx
_zView the manifesto free of charge at www.abi.org.uk...
942 _n0
999 _c104264
_d104264